South-East, Nigeria (Record no. 38649)
[ view plain ]
| 000 -LEADER | |
|---|---|
| fixed length control field | 00431nam a2200157Ia 4500 |
| 022 ## - INTERNATIONAL STANDARD SERIAL NUMBER | |
| ISSN | HD 59 .S68/ |
| 050 ## - CALL MARK | |
| Classification number | South-East journal of public relations |
| 245 #0 - TITLE STATEMENT | |
| Title | South-East, Nigeria |
| 260 ## - PUBLICATION, DISTRIBUTION, ETC. (IMPRINT) | |
| Place of publication | SpringerWien |
| 260 ## - PUBLICATION, DISTRIBUTION, ETC. (IMPRINT) | |
| Name of publisher | 2018 |
| 260 ## - PUBLICATION, DISTRIBUTION, ETC. (IMPRINT) | |
| Year of publication | vi, 142 p. :ill. ; 24 cm. |
| 300 ## - PHYSICAL DESCRIPTION | |
| Number of Pages | Public relations. Public relations--Nigeria. |
| 650 ## - SUBJECT ADDED ENTRY--TOPICAL TERM | |
| Topical Term | SR |
No items available.